| 000 | 00932nam a2200241 a 4500 | ||
|---|---|---|---|
| 001 | 81732 | ||
| 003 | BD-RjUL | ||
| 005 | 20230821122415.0 | ||
| 008 | 230821r20212017bg ||||| |||| 00| 0 ben d | ||
| 020 | _a9847020500933 | ||
| 035 | _a(BD-RjUL)81732 | ||
| 040 |
_aBD-RjUL _beng _cBD-RjUL |
||
| 041 | _aben | ||
| 082 |
_223 _a930.1072 _bSHB 2021 |
||
| 100 |
_aশাহনাওয়াজ, এ কে এম _98445 |
||
| 245 |
_a বাংলাদেশের সাংস্কৃতিক ঐতিহ্য / _cএ কে এম শাহনাওয়াজ |
||
| 250 | _a৩য় সং. | ||
| 260 |
_aঢাকা : _bনভেল পাবলিশিং হাউস, _c২০১৭, [মুদ্রণ ২০২১] |
||
| 300 |
_a৩৪৩ পৃ.; _c২২ সেমি. |
||
| 650 |
_aপ্রত্নতত্ত্ব _vগবেষণা _98443 |
||
| 650 |
_aArchaeology _vResearch _98444 |
||
| 942 |
_2ddc _cBK |
||
| 999 |
_c81732 _d81732 |
||